000 00414cam a2200145ua 4500
003 OSt
008 250101b |||||||| |||| 00| 0 eng d
041 _aeng
082 _a621.3678
_bSAH/TE
100 _aSahu, Kalicharan .
_96682
245 _aText book of remote sensing and geographical information systems /
260 _a :
_bAtlantic publishers and distributers ,
_c2008.
300 _a499 ; .
942 _cBK
999 _c13206
_d13206